Solute balance at Abert and Summer Lakes, south-central Oregon : a description of the quantity and chemical character of incoming, outgoing, and stored solutes and the mechanisms of solute accumulation and depletion in a saline environment /

Bibliographic Details
Main Author: Van Denburgh, A. S.
Corporate Author: Geological Survey (U.S.)
Format: Government Document Book
Language:English
Published: Washington : U.S. Govt. Print. Off, 1975.
Series:Geological Survey professional paper ; 502-C.
Closed-basin investigations.
Subjects:

MARC

Tag First Indicator Second Indicator Subfields
LEADER 00000cam a2200000 i 4500
001 in00002782979
005 20151202171827.0
008 750407s1975 dcuab b f000 0 eng
010 |a  75619062  
035 |a (OCoLC)ocm01342358 
035 |a (OCoLC)1342358 
040 |a DLC  |c DLC  |d OCLCQ  |d BTCTA  |d OCLCQ  |d AST  |d UtOrBLW 
043 |a n-us-or 
049 |a TXAM 
050 0 0 |a QE75  |b .P9 no. 502-C  |a GB1625.O7 
082 0 0 |a 557.3/08 s  |a 553/.72/0979593 
086 0 |a I 19.16:502-C 
100 1 |a Van Denburgh, A. S. 
245 1 0 |a Solute balance at Abert and Summer Lakes, south-central Oregon :  |b a description of the quantity and chemical character of incoming, outgoing, and stored solutes and the mechanisms of solute accumulation and depletion in a saline environment /  |c by A.S. Van Denburgh. 
264 1 |a Washington :  |b U.S. Govt. Print. Off,  |c 1975. 
300 |a iv, 29 pages :  |b illustrations, map (folded in pocket) ;  |c 29 cm. 
336 |a text  |b txt  |2 rdacontent 
337 |a unmediated  |b n  |2 rdamedia 
338 |a volume  |b nc  |2 rdacarrier 
490 1 |a Closed-basin investigations 
490 1 |a Geological Survey professional paper ;  |v 502 C 
504 |a Includes bibliographical references (page 29). 
650 0 |a Saline waters  |z Oregon  |z Abert, Lake. 
650 0 |a Saline waters  |z Oregon  |z Summer Lake (Lake) 
710 2 |a Geological Survey (U.S.) 
830 0 |a Geological Survey professional paper ;  |v 502-C. 
830 0 |a Closed-basin investigations. 
948 |a cataloged  |b h  |c 2012/12/12  |d c  |e mvaldespin  |f 03:30:42 pm 
994 |a C0  |b TXA 
999 |a MARS 
999 f f |s ef201b2d-78b1-32e6-84ee-a3e4ad8b9338  |i ed554166-3228-3ea7-a17a-dd56ca6bbbeb  |t 0 
952 f f |p normal  |a Texas A&M University  |b College Station  |c Sterling C. Evans Library  |d Evans: US Documents (Annex 5th floor)  |t 0  |e I 19.16:502-C  |h Superintendent of Documents classification  |i unmediated -- volume  |m A14839365133 
998 f f |a I 19.16:502-C  |t 0  |l Evans: US Documents (Annex 5th floor)